Foreign footballers in PL #8 West Ham United F.C. - Statistics

General Stats
  • This quiz has been taken 73 times
  • The average score is 7 of 10
Answer Stats
Nationality Footballer % Correct
Jamaica Ravel Morrison, Michail Antonio
87%
Italy Antonio Nocerino, Marco Borriello, Angelo Ogbonna, Simone Zaza
82%
Brasil Nenê, Felipe Anderson
82%
Mexico Chicharito
78%
Senegal Mohamed Diamé, Cheikhou Kouyaté, Diafra Sakho
78%
Scotland Stephen Hendrie, Robert Snodgrass
69%
Ireland Joey O'Brien, Stephen Henderson, Sean Maguire, Josh Cullen, Darren Randolph
62%
Ivory Coast Guy Demel, Abdul Razak, Sébastien Haller
53%
Nigeria Emmanuel Emenike, Victor Moses
51%
Switzerland Raphael Spiegel, Edimilson Fernandes, Albian Ajeti
40%
No matching quizzes found
Score Distribution
Percent of People with Each Score
Percentile by Number Answered
Your Score History
You have not taken this quiz